| 000 | 014900000a22002410004500 | ||
|---|---|---|---|
| 020 | _a84-330-0691-6 | ||
| 082 | 0 | 4 | _aG 270.1 B87717i |
| 100 | 1 | _aBrown, Raymond E. | |
| 245 | 1 | 0 | _aLas iglesias que los apóstoles nos dejaron / Raymond E. Brown ; traducido por Pedro Jaramillo |
| 250 | _aCuarta edición | ||
| 260 | _aBilbao, España : Desclée De Brouwer | ||
| 300 | _a205 páginas | ||
| 440 | 0 | _aColección Cristianismo y Sociedad ; número 13 | |
| 500 | _aTítulo original en inglés: The churches the apostles left behind | ||
| 501 | _aRústico | ||
| 505 | 0 | 0 | _aLa era sub-apostólica en el Nuevo Testamento -- La tradición paulina en las Pastorales: la importancia de la estructura eclesial -- La tradición paulina en Colosenses/Efesios: Amar a la iglesia como Cuerpo de Cristo -- La tradición paulina en Lucas/Hechos: La Iglesia y el Espíritu -- La tradición petrina en 1 Pedro: La Iglesia como pueblo de Dios -- La tradición el Discípulo Amado en el cuarto evangelio: Una comunidad de personas unidas individualmente a Jesús -- La tradición del Discípulo Amado en las cartas de Juan: Una comunidad de personas guiadas por el Espíritu Santo -- La tradición de la cristiandad judeo-gentil en Mateo: Autoridad que no sustituye a Jesús |
| 650 | 1 | 4 | _aApóstoles \ Nuevo Testamento \ Iglesia - Historia \ Comunidad |
| 001 | 18592 | ||
| 942 | _cBK | ||
| 999 |
_c45008 _d45008 |
||
| 336 |
_atexto _btxt _2rdacontent |
||
| 337 |
_2rdamedia _asin mediación _bn |
||
| 338 |
_2rdacarrier _avolumen _bnc |
||